000 00288nam a22001337a 4500
008 170726b xxu||||| |||| 00| 0 eng d
020 _a20687dc
041 _aeng
080 _a004
100 _a30
101 _aSHK
245 _aMICROSOFT OFFICIAL COURSE
_cKUKRIKA,S
942 _2udc
_cBK
999 _c21919
_d21919